Languages of Argentina on a Map - Statistics

General Stats
  • This quiz has been taken 365 times
  • The average score is 5 of 21
Answers on the Map
Answers color-coded by a green-red scale on the quiz's map according to % correct below.
 
Answer Stats
Group Flag Speakers Answer % Correct
Romance 500,000,000 Spanish
98%
Tupian 6,500,000 Guaraní
65%
Germanic 95,000,000 German
63%
Quechuan 60,000 Santiagueño Quechua
62%
Quechuan 1,615,000 South Bolivian Quechua
62%
Celtic 5,000 Patagonian Welsh
55%
Aymaran 1,700,000 Aymara
52%
Araucanian 260,000 Mapuche
43%
Germanic 3,000,000 Hunsrik
9%
Guaicuruan 31,580 Toba Qom
7%
Guaicuruan 3,000 Mocoví
4%
Guaicuruan 4,000 Pilagá
4%
Tupian 18,000 Kaiwa
3%
Matacoan 14,000 Nivaclé
3%
Matacoan 26,000 Wichí Lhamtés Güisnay
2%
Matacoan 1,900 Wichí Lhamtés Nocten
2%
Matacoan 31,000 Wichí Lhamtés Vejoz
2%
Tupian 51,000 Eastern Bolivian Guaraní
1%
Matacoan 800 Iyojwa’ja Chorote
1%
Matacoan 1,900 Iyo’wujwa Chorote
1%
Tupian 15,000 Mbyá Guaraní
1%
No matching quizzes found
Score Distribution
Percent of People with Each Score
Percentile by Number Answered
Your Score History
You have not taken this quiz